000 00917nam a2200253Ia 4500
003 OSt
005 20220923211651.0
006 a|||||r|||| 00| 0
007 ta
008 220922b |||||||| |||| 00| 0 hin d
024 _a41,914
037 _cTextual
040 _aARTS
_cARTS
_bhin
041 _2hin
_ahin
082 _aO15,1D75,1:g, 152N2
100 _aमिश्र, भारतेन्दु
245 0 _aअमरूशतक का साहित्य शास्त्रीय अध्ययन
246 _aAmarūshatak kā sāhitya shāstrīya adhyayana
260 _aदिल्ली
_b प्रीति मंदिर प्रकाशन
_c1992
300 _a144पृ.
_ccm.
650 _aसंस्कृत साहित्य
942 _hO15,1D75,1:g, 152N2
_cTEXL
_2CC
999 _c302374
_d302374